Top Years in Filmmaking - Statistics

General Stats
  • This quiz has been taken 24 times
  • The average score is 12 of 21
Answer Stats
Top Rated Movie # of movies Answer % Correct
The Empire Strikes Back 4 1980
85%
Back to the Future 3 1985
85%
Taxi Driver 3 1976
77%
Alien 4 1979
77%
The Good, the Bad and the Ugly 4 1966
69%
The Shawshank Redemption 6 1994
69%
Gladiator 6 2000
69%
The Thing 3 1982
62%
Se7en 8 1995
62%
Parasite 6 2019
62%
Seven Samurai 4 1954
54%
12 Angry Men 6 1957
54%
One Flew Over the Cuckoo's Nest 3 1975
54%
Once Upon a Time in America 5 1984
54%
Aliens 3 1986
54%
North by Northwest 4 1959
46%
Eternal Sunshine of the Spotless Mind 6 2004
46%
Sunset Blvd. 3 1950
38%
Grave of the Fireflies 4 1988
31%
Harakiri 3 1962
23%
3 Idiots 6 2009
15%
No matching quizzes found
Score Distribution
Percent of People with Each Score
Percentile by Number Answered
Your Score History
You have not taken this quiz